GROWN UP DIGITAL : (Registro nro. 54269)
[ vista simple ]
| 000 -LEADER | |
|---|---|
| fixed length control field | 01026nam a2200193 a 4500 |
| 001 - CONTROL NUMBER | |
| control field | 54269 |
| 005 - DATE AND TIME OF LATEST TRANSACTION | |
| control field | 20180714045010.0 |
| 008 - FIXED-LENGTH DATA ELEMENTS--GENERAL INFORMATION | |
| fixed length control field | 140415s2009 000 0 eng d |
| 020 ## - INTERNATIONAL STANDARD BOOK NUMBER | |
| International Standard Book Number | 9780071508636 |
| 041 ## - LANGUAGE CODE | |
| Language code of text/sound track or separate title | eng |
| 082 ## - DEWEY DECIMAL CLASSIFICATION NUMBER | |
| Classification number | 302.23701 |
| Item number | TAP |
| 100 1# - MAIN ENTRY--PERSONAL NAME | |
| Personal name | TAPSCOTT, DON |
| 245 10 - TITLE STATEMENT | |
| Title | GROWN UP DIGITAL : |
| Remainder of title | HOW THE NET GENERATION IS CHANGING YOUR WORLD |
| 250 ## - EDITION STATEMENT | |
| Edition statement | 1a ed. |
| 260 ## - PUBLICATION, DISTRIBUTION, ETC. | |
| Place of publication, distribution, etc. | [s.l.] : |
| Name of publisher, distributor, etc. | MCGRAW-HILL COMPANIES, |
| Date of publication, distribution, etc. | 2009 |
| 300 ## - PHYSICAL DESCRIPTION | |
| Extent | 455 |
| Dimensions | 15.5 x 2.7 x 23.5 |
| 520 ## - SUMMARY, ETC. | |
| Summary, etc. | ITS AMAZING TO THINK HOW FAR THE KIDS HAVE COME IN THE DOZEN OR SO YEARS SINCE I WROTE GROWING UP DIGITAL. THE INSPIRATION FOR THAT BOOK CAME FROM WATCHING MY TWO CHILDREN USE COMPLEX TECHNOLOGIES LIKE COMPUTERS, VIDEO GAMES, AND VCRS WITH SEEMINGLY NO EFFORT. BY 1993, MY SON ALEX, THEN 7, PLAYED SOPHISTICATED GAMES, TYPED CLASS ASSIGNMENTS ON A MAC, AND SENT AN E-MAIL TO SANTA CLAUS AT CHRISTMAS. |
| 650 14 - SUBJECT ADDED ENTRY--TOPICAL TERM | |
| Topical term or geographic name entry element | COMUNICACIONES DIGITALES |
| General subdivision | TECNOLOGIA |
| -- | ASPECTOS SOCIALES |
| -- | TECNOLOGA DE LA INFORMACIN |
| -- | TECNOLOGIA |
| -- | SOCIEDAD |
| Withdrawn status | Lost status | Source of classification or shelving scheme | Damaged status | Not for loan | Collection code | Home library | Current library | Shelving location | Date acquired | Source of acquisition | Inventory number | Total Checkouts | Full call number | Barcode | Date last seen | Date last checked out | Price effective from | Koha item type |
|---|---|---|---|---|---|---|---|---|---|---|---|---|---|---|---|---|---|---|
| Dewey Decimal Classification | General | Biblioteca Karol Wojtyla | Biblioteca Karol Wojtyla | Sala general | 03/12/2013 | Compra | 151000000000000000057362 | 302.23701 TAP | 80994 | 05/01/2026 | 04/05/2015 | 03/12/2013 | Libro |